Géographie - Culture Générale - Difficile #2 - Statistiques

Statistiques générales
  • Ce quiz a été pris 35 fois
  • Le résultat moyen est 8 sur 20
Statistiques - réponses
Hint Réponse % Correct
Nouveau nom du pays enclavé dont la capitale se nomme Mbabane. Eswatini
87%
Chaîne de montagnes formant la frontière naturelle entre l'Europe et l'Asie en Russie. Oural
87%
Pays d'Asie centrale dont la capitale a changé de nom quatre fois depuis 1991. Kazakhstan
63%
Archipel français en Amérique du Nord, vestige de la Nouvelle-France. Saint Pierre et Miquelon
63%
Seul pays d'Asie du Sud-Est à n'avoir jamais été colonisé par une puissance européenne. Thailande
57%
Ville portuaire marocaine enclave espagnole sur la côte méditerranéenne. Melilla
53%
Ancienne captiale de Myanmar. Rangoun
53%
Seul fleuve à traverser 2 fois l'équateur. Congo
50%
Capitale la plus froide du monde. Oulan Bator
47%
Plus petit pays d'Afrique en superficie. Seychelles
47%
Nom de l'archipel norvégien situé à mi-chemin entre la Norvège continentale et le pôle Nord, connu pour ses ours polaires. Svalbard
37%
Nom du golfe situé entre la péninsule arabique et la corne de l'Afrique. Golfe d'Aden
33%
Ville portuaire chilienne qui fut la plus importante d'Amérique du Sud avant l'ouverture du canal de Panama. Valparaiso
33%
Île volcanique britannique la plus isolée du monde, à ~2 400 km de l'île la plus proche. Tristan da Cunha
27%
Détroit séparant la Corse et la Sardaigne. Bonifacio
20%
Seule mer du monde sans côtes terrestres (entourée uniquement d'autres mers/océans). Sargasses
17%
Nom de l'isthme reliant l'Amérique centrale au continent sud-américain. Isthme de Darién
13%
Nom du point de convergence des frontières de la Finlande, de la Norvège et de la Suède. Cairn des Trois Royaumes
10%
Nom du point le plus au nord de l'Afrique en Tunisie. Cap Angela
10%
Île italienne la plus proche de la Tunisie. Pantelleria
10%
Aucun quiz correspondant
Distribution des résultats
% des personnes avec chaque résultat
Percentile par nombre de réponses
Votre historique - résultats
Vous n’avez pas pris ce quiz